000 00316nam a2200133Ia 4500
100 _aHayt/William H/ Kemmerly/ Jack E/
942 _cBK
654 _acircuit
245 _aEngineering Circuit Analysis
260 _bMc Graw Hill
_aNew York
_c1987
082 _a621.3192
_bHAY/KE
300 _a653
546 _aENGLISH
999 _c24563
_d24563